| 000 | 00000nam 2200000za 4500 |
| 001 | 9.823731 |
| 003 | CaOODSP |
| 005 | 20221107143949 |
| 007 | cr ||||||||||| |
| 008 | 160907s2016 xxco |o||||f|0| 0|eng d |
| 040 | |aCaOODSP|beng |
| 041 | |aeng|afre |
| 043 | |an-cn--- |
| 086 | 1 |aCW66-531/2016-PDF |
| 110 | 1 |aCanada. |bEnvironment and Climate Change Canada. |
| 245 | 10|aRéserve nationale de faune du Cap-Tourmente |h[electronic resource] = |bCap-Tourmente national wildlife area. |
| 246 | 11|aCap-Tourmente national wildlife area |
| 260 | |a[Saint-Joachim, Quebec] : |bEnvironment and Climate Change Canada, |cc2016. |
| 300 | |a2 p. : |bphotos. |
| 500 | |a"Controlled fall hunt for the greater snow goose." |
| 500 | |aThe catalogue number (CW66-531/2016) and ISBN (978-0-660-05804-7) for the bilingual print edition have been copied in this electronic publication. |
| 546 | |aText in English and in French. |
| 692 | 07|2gccst|aConservation areas |
| 792 | |tRéserve nationale de faune du Cap-Tourmente |efre|w(CaOODSP)9.823737 |
| 856 | 40|qPDF|uhttps://publications.gc.ca/collections/collection_2016/eccc/CW66-531-2016.pdf|s2.06 MB |